The miserable mill / (Record no. 137)

MARC details
000 -LEADER
fixed length control field 01315nam a22003617a 4500
001 - CONTROL NUMBER
control field 137
003 - CONTROL NUMBER IDENTIFIER
control field FISKH
005 - DATE AND TIME OF LATEST TRANSACTION
control field 20230302121840.0
008 - FIXED-LENGTH DATA ELEMENTS--GENERAL INFORMATION
fixed length control field 230301b cb ||||| |||| 00| 0 eng d
020 ## - INTERNATIONAL STANDARD BOOK NUMBER
International Standard Book Number 9781405266093
035 ## - SYSTEM CONTROL NUMBER
System control number (DLC) 99042695
040 ## - CATALOGING SOURCE
Original cataloging agency DLC
Transcribing agency DLC
Modifying agency DLC
042 ## - AUTHENTICATION CODE
Authentication code lcac
050 00 - LIBRARY OF CONGRESS CALL NUMBER
Classification number PZ7.S6795
Item number Mi 2000
082 00 - DEWEY DECIMAL CLASSIFICATION NUMBER
Classification number 813.6
Edition number 21
100 1# - MAIN ENTRY--PERSONAL NAME
Personal name Snicket, Lemony.
245 14 - TITLE STATEMENT
Title The miserable mill /
Statement of responsibility, etc. by Lemony Snicket ; illustrations by Brett Helquist.
250 ## - EDITION STATEMENT
Edition statement 1st ed.
260 ## - PUBLICATION, DISTRIBUTION, ETC.
Place of publication, distribution, etc. New York, N.Y. :
Name of publisher, distributor, etc. HarperCollins Publishers,
Date of publication, distribution, etc. 2000
300 ## - PHYSICAL DESCRIPTION
Extent 194 p. :
Other physical details ill. ;
Dimensions 19 cm.
490 1# - SERIES STATEMENT
Series statement A series of unfortunate events ;
Volume/sequential designation bk. 4
520 ## - SUMMARY, ETC.
Summary, etc. Accidents, evil plots, and general misfortune abound when, in their continuing search for a home, the Beaudelaire orphans are sent to live and work in a sinister lumber mill.
521 8# - TARGET AUDIENCE NOTE
Target audience note 1000 <br/>
Source Lexile
521 8# - TARGET AUDIENCE NOTE
Target audience note U<br/>
Source Raz-Plus
650 #1 - SUBJECT ADDED ENTRY--TOPICAL TERM
Topical term or geographic name entry element Orphans
Form subdivision Fiction.
650 #1 - SUBJECT ADDED ENTRY--TOPICAL TERM
Topical term or geographic name entry element Brothers and sisters
Form subdivision Fiction.
650 #1 - SUBJECT ADDED ENTRY--TOPICAL TERM
Topical term or geographic name entry element Humorous stories.
700 1# - ADDED ENTRY--PERSONAL NAME
Personal name Helquist, Brett,
Relator term ill.
800 1# - SERIES ADDED ENTRY--PERSONAL NAME
Personal name Snicket, Lemony.
Title of a work Series of unfortunate events ;
Volume/sequential designation bk. 4.
856 42 - ELECTRONIC LOCATION AND ACCESS
Materials specified Publisher description
Uniform Resource Identifier <a href="http://www.loc.gov/catdir/description/hc043/99042695.html">http://www.loc.gov/catdir/description/hc043/99042695.html</a>
906 ## - LOCAL DATA ELEMENT F, LDF (RLIN)
a 7
b cbc
c orignew
d 1
e ocip
f 19
g y-gencatlg
942 ## - ADDED ENTRY ELEMENTS (KOHA)
Source of classification or shelving scheme Dewey Decimal Classification
Koha item type Books
Suppress in OPAC No
Holdings
Withdrawn status Lost status Source of classification or shelving scheme Damaged status Not for loan Collection Home library Current library Shelving location Date acquired Total Checkouts Full call number Barcode Date last seen Date last checked out Copy number Price effective from Koha item type Public note Date due
Withdrawn   Dewey Decimal Classification     Juvenile Fiction Footprints International School Library Network Toul Kork Campus Footprints International School Library Network Toul Kork Campus   03/01/2023 1 SNI 813.6 PZ7.S6795 FISTK05286 03/25/2025 08/09/2023 1 03/01/2023 Books Long overdue and lost  
    Dewey Decimal Classification     Juvenile Fiction Footprints International School Library Network Toul Kork Campus Footprints International School Library Network Toul Kork Campus TTP Secondary Fiction Bookshelves 01/05/2024 1 SNI 813.6 PZ7.S6795 FIS00964 04/08/2026 04/08/2026 2 03/01/2023 Books   04/22/2026